Poesie erotiche /

में बचाया:
ग्रंथसूची विवरण
मुख्य लेखक: Verlaine, Paul (लेखक)
अन्य लेखक: Piersanti, Gilda
स्वरूप: पुस्तक
भाषा:इतालवी
प्रकाशित: Roma : Savelli, 1980
संस्करण:2. ed
श्रृंखला:Erotica Savelli ; 2
टैग: टैग जोड़ें
कोई टैग नहीं, इस रिकॉर्ड को टैग करने वाले पहले व्यक्ति बनें!

MARC

LEADER 00000nam a22000007i 4500
001 IT\ICCU\RML\0145897
003 ItRI
005 20250826160453.0
008 050421s1980 it |||||| ||||| |||||c
040 |b ita  |c ct 
041 7 |a ita  |2 ISO-639-2 
100 1 |a Verlaine, Paul  |0 IT\ICCU\CFIV\010732  |4 aut 
245 1 0 |a Poesie erotiche /  |c Paul Verlaine ; introduzione di Gilda Piersanti. 
250 |a 2. ed 
260 |a Roma :  |b Savelli,  |c 1980 
300 |a 183 p. ;  |c 19 cm. 
700 1 |a Piersanti, Gilda  |0 IT\ICCU\CFIV\066286 
830 0 |a Erotica Savelli ;  |v 2  |0 IT\ICCU\LO1\0012702 
942 |2 ddc  |c BK 
952 |0 0  |1 0  |2 ddc  |4 0  |6 B_LPS01VERPAPOE11  |7 0  |9 5544  |a MI  |b MI  |d 1987-07-01  |i 281  |l 0  |o B-LPS01-VERPA-POE11  |p CDOM281  |r 2025-07-13 16:28:00  |w 2025-07-13  |x ACQUISTO  |y BK 
981 1 |6 z01  |a i   |b xxxe  
982 1 |6 z01  |a n 
999 |c 4419  |d 4419